Scandal Quiz - Statistics

General Stats
  • This quiz has been taken 328 times
  • The average score is 5 of 10
Answer Stats
Hint Answer % Correct
how many children does Fitz have? 3
96%
How many Associates were there originally? 5
86%
What is Olivia Popes dads title in B613? Command
80%
who is the newest member of OPA? Quinn
56%
Who was Quinns significant other? Charlie
52%
what is mellies real name? Melody
48%
What is fitz's middle name? Thomas
46%
what is cyrus beams daughters name? Ella
45%
What is Hucs sons name? havi
28%
who plays olivia pope? Carrie washington
11%
No matching quizzes found
Score Distribution
Percent of People with Each Score
Percentile by Number Answered
Your Score History
You have not taken this quiz